000 00886nam a2200241 a 4500
001 000039166
003 Ost
005 20210503195854.0
008 130604s2013 dr 000 0 spa d
020 _a9789993431442
040 _aDO-SdBNP
_bspa
_cBNPHU
100 1 _aSaneaux, Sully
_910108
245 1 3 _aLa República Dominicana y la prensa extranjera :
_bMayo 1961 - Septiembre 1963 desde la desaparición de Trujillo hasta Juan Bosch /
_cSully Saneaux; Ramona Hernández.
260 _aSanto Domingo :
_bBiblioteca Nacional Pedro Henríquez Ureña,
_c2013.
300 _a459 p. ;
_c22 cm.
490 1 _aHistoria
500 _aIncluye índice
500 _aIncluye datos biográficos de los autores en las solapas
504 _aIncluye referencias bibliográficas al pie de las páginas
700 1 _aHernández, Ramona
_910103
830 0 _aHistoria
_92122
942 _2ddc
_cLBS1
999 _c38656
_d38656